Digital telephony (Record no. 3592)

000 -LEADER
fixed length control field 00571nam a2200217 a 4500
001 - CONTROL NUMBER
control field 3592
003 - CONTROL NUMBER IDENTIFIER
control field BD-DhUET
008 - FIXED-LENGTH DATA ELEMENTS--GENERAL INFORMATION
fixed length control field 900501s1991 nyua b 001 0 eng
020 ## - INTERNATIONAL STANDARD BOOK NUMBER
International Standard Book Number 0471620564
040 ## - CATALOGING SOURCE
Original cataloging agency DLC
Transcribing agency DLC
Modifying agency BD-DhUET
082 ## - DEWEY DECIMAL CLASSIFICATION NUMBER
Classification number 623.85
Item number BEL/1991
100 ## - MAIN ENTRY--PERSONAL NAME
Personal name Bellamy, John
245 10 - TITLE STATEMENT
Title Digital telephony
250 ## - EDITION STATEMENT
Edition statement 2nd ed.
260 ## - PUBLICATION, DISTRIBUTION, ETC. (IMPRINT)
Place of publication, distribution, etc. New York
Name of publisher, distributor, etc. John wiley & sons
Date of publication, distribution, etc. 1991
300 ## - PHYSICAL DESCRIPTION
Extent xix, 572 p.
Other physical details ill.
Dimensions 25 cm.
490 ## - SERIES STATEMENT
Series statement Wiley Series in telecommunications
504 ## - BIBLIOGRAPHY, ETC. NOTE
Bibliography, etc Includes bibliographies
650 #0 - SUBJECT ADDED ENTRY--TOPICAL TERM
Topical term or geographic name as entry element Digital telephony
942 ## - ADDED ENTRY ELEMENTS (KOHA)
Koha item type General Book
Holdings
Not for loan Damaged status Koha item type Copy number Lost status Piece designation (barcode) Koha issues (times borrowed) Withdrawn status Price effective from Koha date last borrowed Location (home branch) Shelving location Date acquired Koha normalized classification for sorting Koha date last seen Source of classification or shelving scheme Koha full call number Sublocation or collection (holding branch)
  General Book1 836182 2014-11-022015-10-10Central Library, BUETCirculation section2014-11-02623_000000000000000_85BEL19912016-02-06 623.85/BEL/1991Central Library, BUET
  General Book2 83620  2014-11-02 Central Library, BUETCirculation section2014-11-02623_000000000000000_85BEL19912017-08-26 623.85/BEL/1991Central Library, BUET
  General Book3 83623  2014-11-02 Central Library, BUETCirculation section2014-11-02623_000000000000000_85BEL19912017-08-16 623.85/BEL/1991Central Library, BUET
  General Book4 863392 2014-11-022023-03-07Central Library, BUETCirculation section2014-11-02623_850000000000000_BEL_19912024-02-20 623.85/BEL/1991Central Library, BUET
  Reading Item5 87594  2015-07-01 Central Library, BUETReading section2015-07-01623_850000000000000_BEL_19912015-07-01 623.85/BEL/1991Central Library, BUET
  Rental Itemক-১ 83563  2024-12-09 Central Library, BUETRental section1992-06-06623_850000000000000_BEL_19912024-12-09 623.85 BEL/1991Central Library, BUET
  Rental Itemক-২ 83564  2024-12-09 Central Library, BUETRental section1992-06-06623_850000000000000_BEL_19912024-12-09 623.85 BEL/1991Central Library, BUET
  Rental Itemক-৩ 83565  2024-12-09 Central Library, BUETRental section1992-06-06623_850000000000000_BEL_19912024-12-09 623.85 BEL/1991Central Library, BUET
  Rental Itemক-৪ 83566  2024-12-09 Central Library, BUETRental section1992-06-06623_850000000000000_BEL_19912024-12-09 623.85 BEL/1991Central Library, BUET
  Rental Itemক-৫ 83567  2024-12-09 Central Library, BUETRental section1992-06-06623_850000000000000_BEL_19912024-12-09 623.85 BEL/1991Central Library, BUET
  Rental Itemক-৬ 83568  2024-12-09 Central Library, BUETRental section1992-06-06623_850000000000000_BEL_19912024-12-09 623.85 BEL/1991Central Library, BUET
  Rental Itemক-৭ 83569  2024-12-09 Central Library, BUETRental section1992-06-06623_850000000000000_BEL_19912024-12-09 623.85 BEL/1991Central Library, BUET
  Rental Itemক-৮ 83570  2024-12-09 Central Library, BUETRental section1992-06-06623_850000000000000_BEL_19912024-12-09 623.85 BEL/1991Central Library, BUET
  Rental Itemক-৯ 83571  2024-12-09 Central Library, BUETRental section1992-06-06623_850000000000000_BEL_19912024-12-09 623.85 BEL/1991Central Library, BUET
  Rental Itemক-১০ 83572  2024-12-09 Central Library, BUETRental section1992-06-06623_850000000000000_BEL_19912024-12-09 623.85 BEL/1991Central Library, BUET
  Rental Itemক-১১ 83573  2024-12-09 Central Library, BUETRental section1992-06-06623_850000000000000_BEL_19912024-12-09 623.85 BEL/1991Central Library, BUET
  Rental Itemক-১২ 83574  2024-12-09 Central Library, BUETRental section1992-06-06623_850000000000000_BEL_19912024-12-09 623.85 BEL/1991Central Library, BUET
  Rental Itemক-১৩ 83575  2024-12-09 Central Library, BUETRental section1992-06-06623_850000000000000_BEL_19912024-12-09 623.85 BEL/1991Central Library, BUET
  Rental Itemক-১৪ 83576  2024-12-09 Central Library, BUETRental section1992-06-06623_850000000000000_BEL_19912024-12-09 623.85 BEL/1991Central Library, BUET
  Rental Itemক-১৫ 83577  2024-12-09 Central Library, BUETRental section1992-06-06623_850000000000000_BEL_19912024-12-09 623.85 BEL/1991Central Library, BUET